000 00212nmm a2200085Ia 4500
008 220120s9999||||xx |||||||||||||||||und||
100 _aAdams, Dorthy
245 0 _aEveryday english
260 _aCengage learning
_c2012
999 _c139729
_d139729